[Event "Niedersachsen-ch U16"]
[Site "Norderney"]
[Date "2014.04.13"]
[Round "4"]
[White "Mogharrab, Robert"]
[Black "Boschen, Katharina"]
[Result "1/2-1/2"]
[WhiteElo "1139"]
[BlackElo "1252"]
[PlyCount "97"]
[EventDate "2014.04.??"]
[EventType "swiss"]
[EventRounds "9"]
[EventCountry "GER"]
[SourceTitle "EXT 2017"]
[Source "ChessBase"]
[SourceDate "2016.10.25"]
[SourceVersion "1"]
[SourceVersionDate "2016.10.25"]
[SourceQuality "1"]

1. e4 e6 2. Nc3 d5 3. exd5 exd5 4. d4 Nf6 5. Bg5 Be6 6. Nf3 Bb4 7. a3 Bd6 8. Bd3 Nc6 9. Qe2 0-0 10. 0-0 Re8 11. Rae1 a6 12. Na4 Bd7 13. Qd1 Nxd4 14. Bxh7+ Kxh7 15. Qxd4 Kg8 16. Rxe8+ Bxe8 17. Nc5 b6 18. Nb7 Qd7 19. Nxd6 Qxd6 20. Rd1 c5 21. Bf4 cxd4 22. Bxd6 Rd8 23. Bc7 Rc8 24. Bxb6 Rxc2 25. Bxd4 Ba4 26. Re1 Ne4 27. h3 f5 28. Nh4 Bd7 29. f3 Ng3 30. Kh2 Ne2 31. Rd1 Rc4 32. Bf2 Be6 33. Re1 Rc2 34. b4 Nf4 35. Kg1 Kf7 36. Be3 g5 37. Bxf4 gxf4 38. Rd1 Rc3 39. Rd4 Rxa3 40. Rxf4 a5 41. bxa5 Rxa5 42. Nxf5 Bxf5 43. Rxf5+ Ke6 44. g4 Ra1+ 45. Kg2 d4 46. Rb5 Ra2+ 47. Kf1 Rh2 48. Ke1 Rxh3 49. Ke2 1/2-1/2